10 największych państw świata - w kolejnosci - Statystyki

Ogólne statystyki
  • Ten quiz został rozwiązany 221 razy
  • Średni wynik to 7 z 10
Statystyki odpowiedzi
# Odpowiedź % Poprawnych
1 Rosja
100%
2 Kanada
94%
3 Stany Zjednoczone
91%
4 Chiny
86%
5 Brazylia
78%
6 Australia
66%
7 Indie
56%
8 Argentyna
44%
9 Kazachstan
37%
10 Algieria
33%
Nie znaleziono quizów pasujących do podanych kryteriów
Rozkład punktacji
Procent ludzi z każdym wynikiem
Percentyl według liczby udzielonych odpowiedzi
Twoja historia wyników
Nie rozwiązałeś tego quizu